[Event "EU-Cup 22nd"]
[Site "Fuegen"]
[Date "2006.10.09"]
[Round "2.2"]
[White "Wittmann, Walter"]
[Black "Gentilleau, Jean Philippe"]
[Result "1-0"]
[WhiteElo "2333"]
[BlackElo "2209"]
[PlyCount "131"]
[EventDate "2006.10.08"]
[EventType "team-swiss"]
[EventRounds "7"]
[EventCountry "AUT"]
[SourceTitle "CBM 115"]
[Source "ChessBase"]
[SourceDate "2006.11.15"]
[SourceVersion "1"]
[SourceVersionDate "2006.11.15"]
[SourceQuality "1"]
[WhiteTeam "Graz"]
[BlackTeam "Monte Carlo"]
[WhiteTeamCountry "AUT"]
[BlackTeamCountry "MNC"]

1. e4 c5 2. Nf3 d6 3. d4 cxd4 4. Nxd4 Nf6 5. Nc3 Nc6 6. Bc4 Qb6 7. Nxc6 bxc6 8. 0-0 e6 9. b3 Be7 10. Bb2 0-0 11. Qe2 e5 12. Kh1 Nd7 13. Na4 Qc7 14. Bd3 Nb6 15. Nxb6 axb6 16. a4 Be6 17. Rad1 Rae8 18. Bc4 Bg5 19. Ba3 Bxc4 20. Qxc4 Re6 21. Rd3 Be7 22. Rfd1 Ra8 23. Bb4 Rf6 24. Be1 Rf4 25. f3 d5 26. Rxd5 Ra7 27. R5d3 h6 28. Bg3 Rf6 29. Qc3 Re6 30. Bf2 Rb7 31. b4 Kh7 32. h4 c5 33. b5 g5 34. h5 f6 35. Qc4 Qc8 36. g4 Kg7 37. Kg2 Kf7 38. Rd5 Rc7 39. R1d3 Ra7 40. Be1 Qa8 41. Ra3 Qc8 42. a5 bxa5 43. Rxa5 Rxa5 44. Bxa5 Kf8 45. Be1 Rb6 46. Bf2 Rb7 47. Qa4 Qc7 48. Qa6 Rb6 49. Qa5 Kg7 50. Kf1 Kf7 51. Ke2 Kg7 52. Kd3 Kf7 53. Kc4 Kg7 54. Bxc5 Bxc5 55. Rxc5 Qf7+ 56. Rd5 Rb7 57. Kd3 f5 58. gxf5 Qxh5 59. Ke3 Qh2 60. Qa6 Qg1+ 61. Kd2 Qf2+ 62. Kc1 Qe1+ 63. Rd1 Qe3+ 64. Kb2 Rb6 65. Qa7+ Kf6 66. Rd6+ 1-0